| 000 | 00970nam a22002297a 4500 | ||
|---|---|---|---|
| 999 |
_c22349 _d22349 |
||
| 003 | AR-CdUCM | ||
| 008 | 190429b ||||| |||| 00| 0 spa d | ||
| 040 |
_aMUNICIPALIDAD PROVINCIAL DEL CUSCO _cBIBLIOTECA MUNICIPAL DEL CUSCO |
||
| 082 | _aYachay/N°1/2016 | ||
| 245 |
_aYachay ninchis / _cMunicipalidad Distrital de San Jerónimo |
||
| 260 |
_aCusco. _bYachayninchis, _c2016. |
||
| 300 |
_a31 páginas. : _bilustraciones en color ; _c29 cm. |
||
| 440 |
_aYachay ninchis. _nAño I, N°1, agosto 2016. _947907 |
||
| 505 | _aContenido: Wanakawri. -- El capitán Aucaille. -- Teófilo Usca Nina. -- Pre incas e incas en el pueblo de San Jerónimo. -- La institucionalidad en la gestión pública. -- Proyecto Yachayninchis. | ||
| 650 |
_aCultura andina _947904 |
||
| 650 |
_aApus del Cusco _946661 |
||
| 650 |
_aInka _9630 |
||
| 650 |
_aDistrito de San Jeónimo _947908 |
||
| 710 |
_aMunicipalidad Distrital de San Jerónimo _947909 |
||
| 942 |
_2ddc _cPP |
||
| 945 | _arac | ||